000 00606nam a2200241Ia 4500
003 OSt
005 20220918221943.0
006 a|||||r|||| 00| 0
007 ta
008 220917b |||||||| |||| 00| 0 eng d
024 _a213,471
037 _cTextual
040 _aARTS
_cARTS
_beng
041 _2eng
_aeng
082 _aY15:45.2, P3
100 _aDutta R K
_9141781
245 0 _aCrime against women
260 _aNew Delhi
_bReference Press
_c2003
300 _a304p
_ccm.
650 _aSOCIOLOGY
942 _hY15:45.2, P3
_cTEXL
_2CC
999 _c274069
_d274069